• 首页
  • 本馆介绍
  • 公告通知
  • 最新文献
  • 馆藏检索
  • 电子资源
  • 读者导购
  • 参考咨询
  • 我的图书馆
  • 登录
  • 详细信息显示
  • 放入我的书架
  • 预约/预借图书
  • 作者相关作品
  • 分类相关作品
  • 丛书相关作品
  • 出版社相关作品

书目信息

  • 表格格式
  • 工作单格式
  • 卡片格式
题名:
形势与政策
    
 
作者: 乔芬 , 李伟立 主编
分册:  
出版信息: 北京   国家行政学院出版社  2016
页数: 221页
开本: 26cm
丛书名:
单 册:
中图分类: G641.4
科图分类:
主题词: 时事政策教育--shi shi zheng ce jiao yu--高等职业教育--教材
电子资源:
ISBN: 978-7-5150-1564-4
000 00795nam0 2200265 450
001 012001003101
005 20130125092235.0
010    @a978-7-5150-1564-4@dCNY35.00
099    @aCAL 012018008561
100    @a20180108d2016 em y0chiy50 ea
101 0  @achi
102    @aCN@b110000
105    @aa a 000yy
106    @ar
200 1  @a形势与政策@Axing shi yu zheng ce@e2016年秋季版@f主编乔芬, 李伟立
210    @a北京@c国家行政学院出版社@d2016
215    @a221页@c图@d26cm
320    @a有书目
333    @a高等职业教育“十二五”规划教材
606 0  @a时事政策教育@Ashi shi zheng ce jiao yu@x高等职业教育@j教材
690    @aG641.4@v5
701  0 @a乔芬@Aqiao fen@4主编
701  0 @a李伟立@Ali wei li@4主编
801  2 @aCN@b江苏凤凰@c20191020
905    @b1217164-7@dG641.4@e1217@f4
    
    形势与政策:2016年秋季版/主编乔芬, 李伟立.-北京:国家行政学院出版社,2016
    221页:图;26cm
    使用对象:高等职业教育“十二五”规划教材
    
    ISBN 978-7-5150-1564-4:CNY35.00
    
●
相关链接 在E读中查询图书 在五车中查询图书 在当当中查询图书 在豆瓣中查询图书


正题名:形势与政策     索取号:G641.4/1217         预约/预借

序号 登录号 条形码 馆藏地/架位号 状态 备注
1 1217164   212171647   第一样本阅览室/ [索取号:G641.4/1217] 在馆    
2 1217165   212171656   教育系资料室/ [索取号:G641.4/1217] 在馆    
3 1217166   212171665   教育系资料室/ [索取号:G641.4/1217] 在馆    
4 1217167   212171674   第四借阅区/ [索取号:G641.4/1217] 在馆    
唐山师范学院图书馆 欢迎您!
大连网信软件有限公司© 版权所有